Багряна вежа (Запис № 17551)

000 -Маркер запису
Контрольне поле сталої довжини 02086nam a22002537a 4500
003 - Належність контрольного номера
Контрольне поле Uzh_bibl
008 - Кодовані дані
Контрольне поле сталої довжини 260429b |||||||| |||| 00| 0 ukr d
020 ## - Індекс ISBN
Ціна 3.52
040 ## - Джерело каталогіз.
Служба первин.кат. укр.
041 ## - Код мови видання
Код мови оригіналу українська
Код мови тексту українська
080 ## - Індекс УДК
Індекс УДК 821(477)
090 ## - Шифри
Поличний індекс 821(477)
Авторський знак М 91
100 ## - Автор
Автор Мусієнко, Олекса
245 ## - Назва
Назва Багряна вежа
Фізичний носій Текст
260 ## - Вихідні дані
Місце видання Київ
Видавництво Радянський письменник
Дата видання 1982
300 ## - Фізичний опис
Обсяг 527 с.
Тип одиниці В опр.
520 ## - Анотація
Анотація Славні сторінки до героїчного літопису Другої світової війни вписали підпільники Києва. Та навіть зараз чимало їхніх подвигів ще лишаються невідомими. Чи не про найграндіознішу бойову операцію, звершену на берегах Дніпра в переддєнь Курської битви, про викриття злочинного гітлерівського планну «Хегевальд» і про високий легендарний героїзм народних месників з документальною точністю оповідається в новому романі українського радянського письменника, знаного читачеві по тетралогії «Золоті ворота», «Чорне сонце». «Білий морок» та «Голубий берег».
521 ## - Примітка про цільове призначення
Примітка про цільове призначення Для широкого кола читачів
546 ## - Примітка про мову
Примітка про мову укр.
650 ## - Тематичні рубрики
Основна рубрика Літературно-художнє видання
Хронологічна підрубрика Період Другої світової війни, зокрема напередодні Курська битва (1943 рік)
Географічна підрубрика Україна, м. Київ та береги Дніпра
653 ## - Ключові слова
Ключові слова Війна
-- Підпілля
-- Героїзм
-- Операція
-- Опір
655 ## - Термін індексування — жанр/форма
Жанр/форма Роман (воєнно-історичний, документально-художній)
Типове ділення Роман
942 ## - ADDED ENTRY ELEMENTS (KOHA)
Джерело класифікації чи схема поличного розташування
Koha item type Книги
Фонди
Статус вилучення Статус втрати/відсутності Джерело класифікації чи схема поличного розташування Статус пошкодження Тип обігу (не для випозичання) Постійне розташування Поточне розташування Розташування у відділі Дата надходження Інвентарний номер Total Checkouts Повний (примірниковий) шифр зберігання Штрих-код Date last seen Дата, для якої чинна ціна заміни Тип одиниці (рівень примірника)
          Публічна бібліотека Публічна бібліотека Абонемент 29/04/2026 15301   821(477) 20325 29/04/2026 29/04/2026 Книги

Працює на АБІС Коха